000 00546nam a22001937a 4500
003 OSt
005 20161110132542.0
008 161110b xxu||||| |||| 00| 0 eng d
020 _a0716739216
040 _cDDC.
082 _a547.21MOD 2003
100 _aMohring,R.Jerry;[et....al]
_911272
245 _aModern Projects and Experiements in Organic Chemistry.
250 _a2nd ed.
260 _aNew York;
_bW.H Freeman and Company;
_c2003.
300 _axiv,395p;
_bcol,ill;
_c25cm.
650 _aorganic chemistry.
_9814
942 _2ddc
_cO_SHELF
999 _c5388
_d5388